KOHA-Header-6

Fuzzy Logic Intelligence Control, and Information (Record no. 9916)

000 -LEADER
fixed length control field 00282nam a2200109Ia 4500
100 ## - MAIN ENTRY--AUTHOR NAME
Personal name Yen, Langari
245 #0 - TITLE STATEMENT
Title Fuzzy Logic Intelligence Control, and Information
260 ## - PUBLICATION, DISTRIBUTION, ETC. (IMPRINT)
Place of publication New Delhi
Name of publisher Dorling
Year of publication 2000
300 ## - PHYSICAL DESCRIPTION
Number of Pages 455
942 ## - ADDED ENTRY ELEMENTS (KOHA)
Koha item type Books
Holdings
Withdrawn status Lost status Collection code Permanent Location Current Location Shelving location Date acquired Full call number Accession Number Koha item type
    Computer Science MAJU MAJU Shelf No.A19 2019-09-14 658.15 5950 Books

Powered by Koha